Notas fitogeográficas críticas / por el académico numerario Juan Cadevall y Diars
Descripción Física:
37 p. ; 30 cm
Otros Autores:
Reial Acadèmia de Ciències i Arts de Barcelona
Materias:
Botànica -- Catalunya
MARC
| LEADER | 00000nam a2200000Ia 4500 | ||
|---|---|---|---|
| 001 | 11011 | ||
| 008 | 160829s1910 xx 000 0 cat d | ||
| 080 | |a RF-11-16 | ||
| 100 | |a Cadevall i Diars, Joan |9 19836 | ||
| 245 | |a Notas fitogeográficas críticas / por el académico numerario Juan Cadevall y Diars | ||
| 260 | |a Barcelona : |b (A. López Robert, Imp.), |c 1910 | ||
| 300 | |a 37 p. ; |c 30 cm | ||
| 590 | |a A: Memorias de la Real Academia de Ciencias y Artes de Barcelona ; 3a época, vol. 8, no.13 ; p. 229-263 | ||
| 650 | |a Botànica |x Catalunya |9 38806 | ||
| 700 | |a Reial Acadèmia de Ciències i Arts de Barcelona | ||
| 856 | 4 | |u https://media.diba.cat/diba/fitxers/arxiu/fulletons/bib_11011_1910_baixa.pdf |y Accés lliure | |
| 856 | 4 | |u https://media.diba.cat/diba/fitxers/arxiu/fulletons/bib_11011_1910_baixa.pdf |y Accés lliure | |
| 901 | |a Arxiu | ||
| 942 | |n 1 |2 udc | ||
| 952 | |0 0 |1 0 |4 0 |6 RF1116 |7 1 |9 48611 |a Arxiu |b Arxiu |d 2016-12-01 |l 0 |o RF-11-16 |p 11011 |r 2016-12-01 00:00:00 |w 2016-12-01 |y ARXIU | ||
| 999 | |c 52441 |d 52441 | ||
| 900 | |a bib_11011_1910_baixa.pdf | ||